Magic the Gathering: Battle for Zendikar Block Characters - Statistics

General Stats
  • This quiz has been taken 9 times
  • The average score is 12 of 18
Answer Stats
Picture Hint Answer % Correct
Oath of the Gatewatch Chandra, Flamecaller
100%
Battle for Zendikar Gideon, Ally of Zendikar
89%
Battle for Zendikar Kiora, Master of the Depths
89%
Oath of the Gatewatch Nissa, Voice of Zendikar
89%
Battle for Zendikar Omnath, Locus of Rage
89%
Battle for Zendikar Ulamog, the Ceaseless Hunger
89%
Oath of the Gatewatch Kozilek, the Great Distortion
78%
Battle for Zendikar Ob Nixilis Reignited
78%
Battle for Zendikar Drana, Liberator of Malakir
67%
Oath of the Gatewatch Kalitas, Traitor of Ghet
67%
Battle for Zendikar Zada, Hedron Grinder
56%
Oath of the Gatewatch General Tazri
44%
Oath of the Gatewatch Linvala, the Preserver
44%
Oath of the Gatewatch Mina and Denn, Wildborn
44%
Battle for Zendikar Munda, Ambush Leader
44%
Oath of the Gatewatch Ayli, Eternal Pilgrim
33%
Oath of the Gatewatch Jori En, Ruin Diver
33%
Battle for Zendikar Noyan Dar, Roil Shaper
22%
No matching quizzes found
Score Distribution
Percent of People with Each Score
Percentile by Number Answered
Your Score History
You have not taken this quiz